书目信息 |
| 题名: |
集体作业
|
|
| 作者: | 李敬泽 , 李大卫 , 邱华栋 , 李冯 , 李洱 著 | |
| 分册: | ||
| 出版信息: | 北京 中国广播电视出版社 1999.10 |
|
| 页数: | 370页 | |
| 开本: | 19cm | |
| 丛书名: | ||
| 单 册: | ||
| 中图分类: | I054 | |
| 科图分类: | ||
| 主题词: | 小说--创作方法 | |
| 电子资源: | ||
| ISBN: | 7-5043-3319-0 | |
| 000 | 00770nam0 2200253 45 | |
| 001 | 0311171045 | |
| 005 | 20031219104121.6 | |
| 010 | @a7-5043-3319-0@dCNY18.00 | |
| 100 | @a20031117d1999 km y0chiy0120 ea | |
| 101 | 0 | @achi |
| 105 | @a z 000yy | |
| 200 | 1 | @a集体作业@AJi Ti Zuo Ye@e实验文学的理论与实践@EShi Yan Wen Xue De Li Lun Yu Shi Jian@f李敬泽等著@FLi Jing Ze Deng Zhu |
| 210 | @a北京@c中国广播电视出版社@d1999.10 | |
| 215 | @a370页@d19cm | |
| 517 | @a实验文学的理论与实践@AShi Yan Wen Xue De Li Lun Yu Shi Jian | |
| 606 | 0 | @a小说@x创作方法 |
| 690 | @aI054@v4 | |
| 701 | @a李敬泽@4著 | |
| 701 | 0 | @a李大卫@4著 |
| 701 | 0 | @a邱华栋@4著 |
| 701 | 0 | @a李冯@4著 |
| 701 | 0 | @a李洱@4著 |
| 801 | @aCN@bTSTC@c20031117 | |
| 905 | @b328228-230@dI054@e103@f3 | |
| 集体作业:实验文学的理论与实践/李敬泽等著.-北京:中国广播电视出版社,1999.10 |
| 370页;19cm |
| ISBN 7-5043-3319-0:CNY18.00 |
| ● |
| 相关链接 |
|
|
|
|
正题名:集体作业
索取号:I054/103
 
预约/预借
| 序号 | 登录号 | 条形码 | 馆藏地/架位号 | 状态 | 备注 |
| 1 | 0328228 | 203282287 | 第二借阅区/ [索取号:I054/103] | 在馆 | |
| 2 | 0328229 | 203282296 | 第二借阅区/ [索取号:I054/103] | 在馆 | |
| 3 | 0328230 | 203282303 | 第一样本阅览室/ [索取号:I054/103] | 在馆 |